000
00361nam a2200157Ia 4500
008
230524s9999 xx 000 0 und d
082
_b
RUS
100
_a
R.P.Rustagi
245
0
_a
Working Capital Management
250
_a
2
260
_a
New Delhi
_b
Taxman
_c
2016
300
_a
297p;
500
_a
Quantity Number: 1
650
_a
Management
942
_c
BK
999
_c
57685
_d
57685